000 00380nam a22001457a 4500
008 250311b |||||||| |||| 00| 0 eng d
020 _a9780323641920
050 _aRC901.7
_b.H45
100 _aKallenbach Judith Z.
245 _aReview of Hemochialysis;for Nurses and Dialysis Person
250 _a10th
260 _aMissouri
_bElsevier
_c2021
300 _axii,288p
942 _cBK
999 _c2256
_d2256